01153cam a2200241 a 4500001000500000005001700005020003800022020004900060040001800109050002300127082001600150100002000166245009100186260005200277300005000329490002900379505000600408520037700414521001800791521001800809650004100827700004300868135520240510083219.0 a9781426310263 (pbk. : alk. paper) a9781426310270 (library binding : alk. paper) aDLCcDLCdDLC00aHG221.5b.F87 201300a332.4/92231 aFurgang, Kathy.10aEverything money /cby Kathy Furgang ; with National Geographic Explorer Fred Hiebert. aWashington, D.C. :bNational Geographic,c2013. a64 pages :bcolor illustrations, map ;c25 cm0 aNational Geographic kids aQ aAll you need to know about money can be found in the pages of this colorful, energetic, and accessible book. Kids will also learn about money around the world from a National Geographic expert, featured in "Explorer's Corners" throughout the book. Packed with fun facts and amazing photographs, this book gives kids an in-depth look at this facinating and important topic. a980 bLexile aQ bRaz-Plus 0aMoneyxHistoryvJuvenile literature.1 aHiebert, Fredrik T.q(Fredrik Talmage)